TEACHING STRATEGIES AND MATERIAL DEVELOPMENT (Record no. 17414)

MARC details
000 -LEADER
fixed length control field 00273nam a22001217a 4500
003 - CONTROL NUMBER IDENTIFIER
control field SGT
082 ## - DEWEY DECIMAL CLASSIFICATION NUMBER
Classification number 370
Item number SIN
100 ## - MAIN ENTRY--PERSONAL NAME
Personal name SINDU, SUMAN
245 ## - TITLE STATEMENT
Title TEACHING STRATEGIES AND MATERIAL DEVELOPMENT
260 ## - PUBLICATION, DISTRIBUTION, ETC. (IMPRINT)
Place of publication, distribution, etc DELHI
Name of publisher, distributor, etc KANISHKA
Year of Publication 2018
300 ## - PAGE DESCRIPTION
No. of Pages 61
942 ## - ADDED ENTRY ELEMENTS (KOHA)
Source of classification or shelving scheme Dewey Decimal Classification
Koha item type Books
942 ## - ADDED ENTRY ELEMENTS (KOHA)
-- 1
Holdings
Withdrawn status Lost status Source of classification or shelving scheme Damaged status Not for loan Collection code Home library Current library Shelving location Date acquired Vendor Name SGTU Total Checkouts Total Renewals Full call number Accession No. (Barcode) Date last seen Date last borrowed Bill Date Koha item type
    Dewey Decimal Classification     EDUCATION SGT Engineering Library SGT Engineering Library Text Book 11/04/2019 SRP SGTU 3 1 370 SIN ED4108 13/10/2021 29/09/2021 11/04/2019 Books